000 00583nam a22001697a 4500
003 NUST
038 _aNusrat Nadeem
082 _a200
100 _aRehman Sami Ur
_9120865
245 _aANTECEDENTS AND OUTCOMES OF RICE EXPORTER’S WILLINGNESS TO ADOPT PRODUCT TRACEABILITY MECHANISM/
_cSami Ur Rehman
264 _aIslamabad,
_bNBS NUST,
_c2023.
300 _aill:
_b101,p:
_c30,cm.
650 _aMS-Operations and Supply Chain
_9122989
700 _aSupervisor: Dr. Muhammad Moazzam
_9120133
856 _uhttp://10.250.8.41:8080/xmlui/handle/123456789/42051
942 _2ddc
_cSC
999 _c607911
_d607911